<?xml version="1.0" encoding="UTF-8"?>
<record
    xmlns:xsi="http://www.w3.org/2001/XMLSchema-instance"
    xsi:schemaLocation="http://www.loc.gov/MARC21/slim http://www.loc.gov/standards/marcxml/schema/MARC21slim.xsd"
    xmlns="http://www.loc.gov/MARC21/slim">

  <leader>00722nam a22001937a 4500</leader>
  <datafield tag="999" ind1=" " ind2=" ">
    <subfield code="c">156814</subfield>
    <subfield code="d">156814</subfield>
  </datafield>
  <controlfield tag="003">OSt</controlfield>
  <datafield tag="020" ind1=" " ind2=" ">
    <subfield code="a">9383155884</subfield>
  </datafield>
  <datafield tag="082" ind1=" " ind2=" ">
    <subfield code="a">954.83</subfield>
    <subfield code="b">GOV/KE</subfield>
  </datafield>
  <datafield tag="100" ind1=" " ind2=" ">
    <subfield code="a">Govindapillai, P</subfield>
  </datafield>
  <datafield tag="245" ind1=" " ind2=" ">
    <subfield code="a">Kerala navothdanam:yugasanthathikal yugasilppikal</subfield>
    <subfield code="b">/&#xD15;&#xD47;&#xD30;&#xD33; &#xD28;&#xD35;&#xD4B;&#xD24;&#xD4D;&#xD25;&#xD3E;&#xD28;&#xD02;: &#xD2F;&#xD41;&#xD17;&#xD38;&#xD28;&#xD4D;&#xD24;&#xD24;&#xD3F;&#xD15;&#xD7E; &#xD2F;&#xD41;&#xD17;&#xD36;&#xD3F;&#xD32;&#xD4D;&#xD2A;&#xD3F;&#xD15;&#xD7E;-&#xD2E;&#xD42;&#xD28;&#xD4D;&#xD28;&#xD3E;&#xD02; &#xD38;&#xD1E;&#xD4D;&#xD1A;&#xD3F;&#xD15; </subfield>
  </datafield>
  <datafield tag="250" ind1=" " ind2=" ">
    <subfield code="a">4</subfield>
  </datafield>
  <datafield tag="260" ind1=" " ind2=" ">
    <subfield code="a">Thiruvananthapuram</subfield>
    <subfield code="b">Chintha Publishers</subfield>
    <subfield code="c">2016</subfield>
  </datafield>
  <datafield tag="300" ind1=" " ind2=" ">
    <subfield code="a">288p.</subfield>
  </datafield>
  <datafield tag="500" ind1=" " ind2=" ">
    <subfield code="a">Kerala navodhanam yugasanthathikal yugasilpikal: moonam sanchika</subfield>
  </datafield>
  <datafield tag="500" ind1=" " ind2=" ">
    <subfield code="a">Kerala navothanam yugasanthathikal yugasilpikal: moonnam sanchika</subfield>
  </datafield>
  <datafield tag="546" ind1=" " ind2=" ">
    <subfield code="a">Malayalam</subfield>
  </datafield>
  <datafield tag="650" ind1=" " ind2=" ">
    <subfield code="a">History</subfield>
  </datafield>
  <datafield tag="942" ind1=" " ind2=" ">
    <subfield code="2">ddc</subfield>
    <subfield code="c">BK</subfield>
  </datafield>
  <datafield tag="952" ind1=" " ind2=" ">
    <subfield code="0">0</subfield>
    <subfield code="1">0</subfield>
    <subfield code="2">ddc</subfield>
    <subfield code="4">0</subfield>
    <subfield code="7">0</subfield>
    <subfield code="8">Gen</subfield>
    <subfield code="a">KAUCLV</subfield>
    <subfield code="b">KAUCLV</subfield>
    <subfield code="c">GENERAL</subfield>
    <subfield code="d">2017-07-20</subfield>
    <subfield code="g">250.00</subfield>
    <subfield code="l">4</subfield>
    <subfield code="m">2</subfield>
    <subfield code="o">954.83 GOV/KE</subfield>
    <subfield code="p">225765</subfield>
    <subfield code="r">2025-03-19 00:00:00</subfield>
    <subfield code="s">2025-03-19</subfield>
    <subfield code="w">2017-07-20</subfield>
    <subfield code="y">BK</subfield>
  </datafield>
</record>
